Elenca la formazione - Quiz n°293 - Statistics

Statistiche generali
  • Questo quiz è stato fatto 34 volte
  • Il punteggio medio è 7 su 11
Statistiche sulle risposte
Ruolo Club dell'epoca Calciatore % Corretto
Difensore Liverpool Virgil van Dijk
100%
Centrocampista Barcellona Frenkie de Jong
93%
Difensore Manchester City Nathan Aké
90%
Centrocampista Inter Denzel Dumfries
87%
Centrocampista Atalanta Marten de Roon
80%
Attaccante Barcellona Memphis Depay
73%
Centrocampista Ajax Daley Blind
43%
Difensore Ajax Jurrien Timber
33%
Attaccante Ajax Steven Bergwijn
30%
Trequartista PSV Cody Gakpo
20%
Portiere Heerenveen Andries Noppert
10%
Nessun quiz corrispondente trovato
Distribuzione punteggi
Percentuale di utenti per punteggio
Percentile per numero di risposta
I tuoi punteggi nel tempo
Non hai fatto questo quiz